000 00483nam a22002057a 4500
003 OSt
005 20241024112221.0
008 241024b |||||||| |||| 00| 0 eng d
040 _cMRSPTU
041 _aENG
082 _a633
_bNA-F
100 _aNandpuri, K.S.
245 _aField Problems of Important Crops
250 _a7th
260 _aLudhiana
_bPAU
_c2023
300 _a254
650 _aAgriculture
700 _aSingh, Bhajan & Singh, Jaspinder
942 _2ddc
_cBK
_n0
999 _c10363
_d10363